000 00345nam a22001457a 4500
008 210310b ||||| |||| 00| 0 eng d
020 _a9780314092496
041 _aeng
080 _a311
082 _a311
100 _a55
101 _aSTA
245 _aEssentials of Statistics for Business and Economics
_cAnderson, D. R
942 _2udc
_cBK
999 _c56147
_d56147